Los páramos circundantes de la Sabana de Bogotá / (Registro nro. 206)
[ vista simple ]
| 000 -CABECERA | |
|---|---|
| Campo de control | 00872cam a2200229 a 4500 |
| 005 - FECHA Y HORA DE LA ULTIMA TRANSACCION | |
| Campo de control | 20170425020001.0 |
| 008 - ELEMENTOS DE LONGITUD FIJA—INFORMACION GENERAL | |
| Campo de control | 861125s1982 ck a b 000 0 spa |
| 040 ## - FUENTE DE CATALOGACIÓN | |
| Agencia catalogadora original | DLC |
| Agencia transcriptora | DLC |
| Agencia Modificadora | CO-BoIAVH |
| 041 0# - IDIOMA | |
| Código de idioma para texto/pista de sonido o título separado | Español |
| 044 ## - PAÍS DE PUBLICACIÓN | |
| País de publicación | Colombia |
| 082 04 - NUMERO DE CLASIFICACION DECIMAL DEWEY | |
| Número de clasificación | 577.681 |
| Número del ítem | G94p |
| 100 1# - ASIENTO PRINCIPAL--NOMBRE PERSONAL | |
| Nombre personal | Guhl, Ernesto. |
| 9 (RLIN) | 43852 |
| 245 14 - MENCION DE TITULO | |
| Título | Los páramos circundantes de la Sabana de Bogotá / |
| Mención de responsabilidad | Ernesto Guhl. |
| 260 ## - PUBLICACION, DISTRIBUCION, ETC. (PIE DE IMPRENTA) | |
| Lugar de publicación, distribución, etc. | Bogotá : |
| Nombre del editor, distribuidor, etc. | Jardín Botánico "José Celestino Mutis", |
| Fecha de publicación, distribución, etc. | 1982. |
| 300 ## - DESCRIPCION FISICA | |
| Extensión | 127 páginas : |
| Otros detalles físicos | ilustraciones (algunas a color) ; |
| Dimensiones | 24 x 17 cm. |
| 504 ## - NOTA DE BIBLIOGRAFIA, ETC. | |
| Nota de bibliografía | Incluye referencias bibliográficas. |
| 505 ## - NOTA DE CONTENIDO | |
| Nota de contenido | Incluye anexo mapa del páramo de sumapaz. |
| 650 #6 - ASIENTO SECUNDARIO DE MATERIA - TERMINO TEMATICO | |
| Término temático o nombre geográfico como elemento de entrada | Páramos |
| Subdivisión general | Plantas |
| Subdivisión geográfica | Colombia |
| -- | Bogotá, Sabana de. |
| 9 (RLIN) | 43856 |
| 650 #6 - ASIENTO SECUNDARIO DE MATERIA - TERMINO TEMATICO | |
| Término temático o nombre geográfico como elemento de entrada | Páramos |
| Subdivisión geográfica | Colombia |
| -- | Bogotá, Sabana de. |
| 9 (RLIN) | 43857 |
| 650 #6 - ASIENTO SECUNDARIO DE MATERIA - TERMINO TEMATICO | |
| Término temático o nombre geográfico como elemento de entrada | Páramos |
| Subdivisión geográfica | Colombia |
| -- | Bogotá, Sabana de. |
| Subdivisión general | Catactirzación |
| 9 (RLIN) | 43858 |
| 942 ## - ELEMENTOS ADICIONALES (KOHA) | |
| Sistema de clasificación | Dewey Decimal Classification |
| Tipo de ítem | Libro |
| Koha issues (borrowed), all copies | 6 |
| Withdrawn status | Lost status | Sistema de Clasificación | Damaged status | No para préstamo | Colección | Inventariado | Ubicación Permanente | Ubicación actual | Fecha de adquisición | Fuente de Valor | Valor | Total Checkouts | Número topográfico | Inventario / Código de Barras | Date last seen | Ejemplar | Price effective from | Forma de adquisición | Tipo de material | Date checked out |
|---|---|---|---|---|---|---|---|---|---|---|---|---|---|---|---|---|---|---|---|---|
| Dewey Decimal Classification | General | Inventariado 2017 | Bogotá | Bogotá | 24/12/1997 | Instituto | 50000.00 | 8 | LB-577.681 G94p | 003702 | 24/09/2018 | Ej. 1 | 04/12/2012 | Libro | 24/09/2018 | |||||
| Dewey Decimal Classification | Procesos Técnicos | General | Inventariado 2017 | Sala Fabio Quevedo | Sala Fabio Quevedo | 24/12/1997 | Instituto | 50000.00 | LB-577.681 G94p | 000258 | 04/12/2012 | Ej. 2 | 04/12/2012 | Libro |